000 00886nam a2200205Ia 4500
005 20240530103752.0
008 140319s1994 xx 000 0 ara d
040 _aGCL /
_cGCL
082 0 4 _a657.1 /
_bم ا
100 1 _aمحمد صلاح الدين عريزيه
245 1 0 _aانجاز الحسابات اليومية والميزانية السنوية باستعمال الكمبيوتر الشخصى /
_cمحمد صلاح الدين عريزيه
260 _aدمشق :
_bدار المعرفة للنشر والتوزيع والطباعة والترجمة ،
_c1994
300 _a148 ص؛
_c24 سم
650 0 4 _aالحاسبات الالكترونية
650 0 4 _aالمحاسبة
650 0 4 _aبرامج الحاسبات الالكترونية
650 0 4 _aالحسابات الختامية
942 _2ddc
_cBK
999 _c42332
_d42332